Statistics for Historical Cultural Periods: II Baroque/Early Enlightenment

Click here to take the quiz!

General Stats

  • This quiz has been taken 28 times
  • The average score is 6 of 15

Answer Stats

Answer% Correct
Isaac Newton
78%
Johann Sebastian Bach
70%
René Descartes
70%
George Frideric Handel
48%
German
43%
Johannes Vermeer
43%
Italian
35%
Spanish
35%
Caravaggio
30%
Diego Velazquez
30%
John Locke
30%
Austrian
22%
Rembrandt van Rijn
22%
Artemisia Gentileschi
17%
Czech
9%

Score Distribution

Percentile by Number Answered

Percent of People with Each Score

Your Score History

You have not taken this quiz